Chân dung thơ : (Tuyển 100 gương mặt nhà thơ, nhà văn)

保存先:
書誌詳細
フォーマット: 図書
言語:Undetermined
出版事項: Thành phố Hồ Chí Minh Văn Nghệ 1998
主題:
タグ: タグ追加
タグなし, このレコードへの初めてのタグを付けませんか!
Thư viện lưu trữ: Trung tâm Học liệu Trường Đại học Cần Thơ
LEADER 00666nam a2200217Ia 4500
001 CTU_32602
008 210402s9999 xx 000 0 und d
020 |c 10500 
082 |a 895.9221092 
082 |b Ch121 
245 0 |a Chân dung thơ : 
245 0 |b (Tuyển 100 gương mặt nhà thơ, nhà văn) 
245 0 |c Trần Đồng Minh (sưu tầm và tuyển chọn) 
260 |a Thành phố Hồ Chí Minh 
260 |b Văn Nghệ 
260 |c 1998 
650 |a Vietnamese poetry 
650 |x Collections 
650 |y 20th century 
904 |i Q. Hiếu 
980 |a Trung tâm Học liệu Trường Đại học Cần Thơ